000 00733nam a2200289Ia 4500
005 20260324134408.0
008 008 260324s9999 xx 000 0 eng d
020 _a9780429495403
037 _aEBOOK
040 _aCRL
040 _beng
040 _cCRL
041 _2eng
041 _aeng
084 _qCRL
100 _aSabrina Petra Ramet
_91196651
245 0 _aBalkan Babel
245 4 _bThe Disintegration Of Yugoslavia From The Death Of Tito To The Fall Of Milosevic, Fourth Edition
260 _bTaylor and Francis
260 _c2002
365 _a
365 _b230
856 _uhttp://www.taylorfrancis.com/books/9780429495403
942 _cEBOOK
999 _c1796710
_d1796710